Statistics for History Generator Puzzle #1

Click here to take the quiz!

General Stats

  • This quiz has been taken 25,750 times
  • The average score is 10 of 21

Answer Stats

HintAnswer% Correct
Author Edgar AllanPoe
92%
Versailles or Buckingham, e.g.Palace
88%
NATO rival: Warsaw ___Pact
88%
Aristotle's teacherPlato
74%
Shakesperean kingLear
59%
Fawkes: The Gunpowder ____Plot
56%
What one could find at DelphiOracle
54%
Gunfighter WyattEarp
54%
English noble rankEarl
52%
Pablo Escobar led oneCartel
48%
Druid's ethnicityCelt
46%
John Wilkes Booth's professionActor
45%
Once a major export of ChinaTea
39%
Songwriter PorterCole
39%
"In Cold Blood" authorCapote
34%
To make a speech in the
manner of Cicero
Orate
32%
American Red Cross founder
_____ Barton
Clara
30%
9 letter answerCleopatra
15%
Spiked anti-cavalry weapon to
scatter on the ground
Caltrop
11%
Area of Russia where Jewish
settlement was allowed
Pale
8%
French royal dynastyCapet
8%

Score Distribution

Percentile by Number Answered

Percent of People with Each Score

Your Score History

You have not taken this quiz